000 02019cam a22005414i 4500
003 PE-LiUPU
005 20250731165602.0
008 150625s2008 ck a rb 000 0 spa d
020 _a9789582009229
035 _a(Sirsi) i9789582009229
040 _aPE-LiUPU
_bspa
_cPE-LiUPU
_erda
049 _aPRUA
082 0 4 _a028.55
_bM22
_221
100 1 _aMantilla Sánchez, Lizette,
_eautor.
245 1 0 _aAnimando a leer :
_btécnicas para animar la lectura /
_cLizette Mantilla Sánchez.
264 1 _aBogotá :
_bCooperativa Editorial Magisterio,
_c2008.
300 _a137 páginas :
_bilustraciones ;
_c21 centímetros
336 _atext
_2rdacontent
337 _aunmediated
_2rdamedia
338 _avolume
_2rdacarrier
490 0 _aColección Aula Alegre
504 _aIncluye bibliografía.
505 0 _aLa animación a la lectura. -Apreciar el libro como objeto. -Adivinanzas. -Jugar para leer. -Creación de cuentos. -La magia de los cuentos. -Después de leer. -Relajación para leer y crear. -Orientaciones para animar la lectura. .
526 _aSEG44
526 _aSEG26
526 _aP151
526 _aP150
526 _aP149
526 _aP146
526 _aP145
526 _aP126
526 _aP125
526 _aP92
526 _aP75
526 _aP74
526 _aP27
526 _aP15
541 _g001-000324;
650 1 4 _aAnimación a la lectura.
650 2 4 _aLibros y lectura para niños.
650 2 4 _aLectura.
910 _bjv
_clch
_d20080701
942 _2ddc
_cBOOK
949 _a028.55 M22
_wDEWEY
_c1
_i58346
_d2016-6-13
_e2016-6-12
_lCCODEBUL1
_mBUL
_n1
_p21.00
_r0
_sY
_tBOOK
_u2015-6-25
_xEDUCACION
_PP20
_0COMPRA
_o.STAFF. Colección General
994 _aC0
_bPEPRU
596 _a1
999 _a028.55 M22
_wDEWEY
_c47291
_i58346
_d47291
_e2019-7-1
_f2021-11-8
_g5
_lCCODEBUL1
_mBUL
_n8
_p21.00
_r0
_sY
_tBOOK
_u2015-6-25
_xEDUCACION
_PP20
_0COMPRA
_o.STAFF. Colección General
980 _81
_gALBERTO SANCHEZ Responsable de Automatización